Recopilación de las constituciones vigentes en Europa y América

Uloženo v:
Podrobná bibliografie
Hlavní autor: Heredia, Francisco de (Autor)
Médium: Kniha
Jazyk:španělština
Vydáno: Madrid Alvarez 1884
Témata:
Tagy: Přidat tag
Žádné tagy, Buďte první, kdo vytvoří štítek k tomuto záznamu!

MARC

LEADER 00000nam a2200000 a 4500
001 UCT9638
003 CL-VaPUC
008 970411e18840000SP |||||||||||||||||spa|d
082 0 4 |a 342.4  |b HER  |2 21 
100 0 |a Heredia, Francisco de  |e author  |9 382513 
245 1 0 |a Recopilación de las constituciones vigentes en Europa y América 
300 |a 2 v 
942 |c BK 
945 |d 19970411 00:00:00  |a paguirre 
260 |a Madrid  |b Alvarez  |c 1884 
650 0 |a Constituciones  |9 255417 
650 0 |a Derecho constitucional   |9 222588 
650 0 |a Estado  |9 255503 
650 0 |a Poder ejecutivo  |9 255177 
650 0 |a Poder legislativo  |9 258808 
650 0 |a Poder judicial  |9 254871 
650 0 |a Parlamento  |9 338611 
650 0 |a Poder político  |9 255509 
651 0 |a Europa  |9 255156 
651 0 |a América  |9 255182 
583 |a last modification  |c 19970411 00:00:00  |k Rodrigo Vera 
999 |c 258019  |d 258017 
952 |0 0  |1 0  |4 0  |6 342_400000000000000_HER_1884  |7 0  |8 X  |9 281768  |a BIBDER  |b BIBDER  |d 2019-11-19  |h v.1  |i 1828037  |o 342.4 HER 1884  |p 1828037  |r 2023-01-25  |w 2019-11-19  |y BK_X  |k DER 
952 |0 0  |1 0  |4 0  |6 342_400000000000000_HER_1884  |7 0  |8 X  |9 281769  |a BIBDER  |b BIBDER  |d 2019-11-19  |h v.2  |i 1828045  |o 342.4 HER 1884  |p 1828045  |r 2023-01-25  |w 2019-11-19  |y BK_X  |k DER 
952 |0 0  |1 0  |4 0  |6 342_400000000000000_HER_1884  |7 0  |8 X  |9 281770  |a BIBDER  |b BIBDER  |d 2019-11-19  |h v.1  |i 1951610  |o 342.4 HER 1884  |p 1951610  |r 2023-01-25  |w 2019-11-19  |y BK_X  |k DER